[Event "Kalamazoo (Mini-Swiss.2/1)"]
[Site "?"]
[Date "1996.??.??"]
[Round "?"]
[White "Dorrington, Eldon"]
[Black "Anthony, James"]
[Result "1-0"]
[WhiteElo "1605"]
[BlackElo "1605"]
[PlyCount "83"]
[EventDate "1996.??.??"]

{2/(1)} 1. e4 e5 2. Nf3 d6 3. Bc4 Nf6 4. d3 Be7 5. h3 Nc6 6. Bd2 O-O 7. O-O h6
8. Nc3 Nd4 9. Nxd4 exd4 10. Nd5 Nxd5 11. Bxd5 c6 12. Bb3 Be6 13. f4 Qd7 14. f5
Bxb3 15. axb3 Bf6 16. Qg4 Kh7 17. Qf3 Qe7 18. Bf4 Rae8 19. Rxa7 Qc7 20. Raa1
Be7 21. Qh5 Bf6 22. Qg4 Rg8 23. Qf3 Qe7 24. Rae1 g5 25. fxg6+ fxg6 26. Bxd6
Qxd6 27. Qxf6 Qxf6 28. Rxf6 Kg7 29. Ref1 Re7 30. Rd6 c5 31. Rff6 Kh7 32. b4 Rc7
33. b5 Rgg7 34. b6 Rcf7 35. Rxf7 Rxf7 36. Rd8 h5 37. Rc8 Kh6 38. Rxc5 Rf6 39.
Rb5 Rc6 40. Rb4 Rxc2 41. Rxd4 Rxb2 42. Rd6 1-0

[Event "Howell (US Am N/3/15)"]
[Site "?"]
[Date "1996.??.??"]
[Round "?"]
[White "Dolin, Jack"]
[Black "Vandivier, Don"]
[Result "0-1"]
[WhiteElo "1605"]
[BlackElo "1900"]
[PlyCount "82"]
[EventDate "1996.??.??"]

{3/(15)} 1. d4 e6 2. Nf3 d5 3. c4 Nf6 4. Nc3 Be7 5. Bf4 O-O 6. e3 a6 7. Bd3
dxc4 8. Bxc4 b5 9. Bd3 Bb7 10. a3 Nbd7 11. O-O c5 12. Qe2 cxd4 13. exd4 Nh5 14.
Bd2 Nhf6 15. Rac1 Qb6 16. Ne4 Rfd8 17. Nxf6+ Nxf6 18. Rfd1 Bxf3 19. Qxf3 Rac8
20. Be3 Nd5 21. Qh3 g6 22. Be4 Nxe3 23. fxe3 b4 24. axb4 Qxb4 25. Rb1 Bf6 26.
Qf3 Bg7 27. Bb7 Rc2 28. Bxa6 Rxb2 29. Rxb2 Qxb2 30. Bb7 Qb3 31. Be4 f5 32. Bd3
Rc8 33. Qe2 Rc3 34. Qd2 e5 35. Bf1 Bh6 36. Re1 Rxe3 37. Bc4+ Qxc4 38. Rxe3
Bxe3+ 39. Qxe3 Qxd4 40. Qxd4 exd4 41. Kf2 Kf7 0-1

[Event "Ann Arbor (Month Long Swiss/1/1)"]
[Site "?"]
[Date "1996.??.??"]
[Round "?"]
[White "Dolin, Jack"]
[Black "Sobocinski, Mike"]
[Result "1-0"]
[WhiteElo "1605"]
[BlackElo "1945"]
[PlyCount "67"]
[EventDate "1996.??.??"]

{1/(1)} 1. d4 d5 2. c4 e6 3. Nc3 Nf6 4. Bg5 Be7 5. e3 Nbd7 6. f4 c5 7. Nf3 h6
8. Bh4 O-O 9. Bd3 cxd4 10. exd4 dxc4 11. Bxc4 Qc7 12. Ne5 Nxe5 13. fxe5 Qxc4
14. exf6 Bxf6 15. Bxf6 gxf6 16. Qg4+ Kh7 17. Ne4 Qb4+ 18. Ke2 Qxb2+ 19. Ke3 f5
20. Nf6+ Kh8 21. Qf4 Kg7 22. Qe5 Kg6 23. h4 Qc3+ 24. Kf2 h5 25. Rae1 Qd2+ 26.
Re2 Qh6 27. Rh3 f4 28. Re4 Rd8 29. Rxf4 Kg7 30. Rg3+ Kh8 31. Ng4+ f6 32. Nxf6
Qxf4+ 33. Qxf4 Rf8 34. Qh6# 1-0

[Event "Lansing (MOR/7/19)"]
[Site "?"]
[Date "1996.??.??"]
[Round "?"]
[White "Dolin, Jack"]
[Black "Sobh, Tarek"]
[Result "0-1"]
[WhiteElo "1605"]
[BlackElo "1605"]
[PlyCount "44"]
[EventDate "1996.??.??"]

{7/(19)} 1. d4 f5 2. c4 e6 3. g3 d5 4. Bg2 c6 5. cxd5 exd5 6. Nh3 h6 7. O-O Be6
8. Nf4 Bf7 9. Qa4 Be7 10. b3 b5 11. Qa3 Bxa3 12. Bxa3 Nf6 13. Re1 a5 14. e4
fxe4 15. Nd3 b4 16. Bb2 O-O 17. Ne5 Bh5 18. h3 Qc8 19. g4 Nxg4 20. hxg4 Bxg4
21. Re3 Bf3 22. Ng6 Qg4 0-1

[Event "Howell (US Am N/4/26)"]
[Site "?"]
[Date "1996.??.??"]
[Round "?"]
[White "Dolin, Jack"]
[Black "Schell, Ken"]
[Result "0-1"]
[WhiteElo "1605"]
[BlackElo "1710"]
[PlyCount "76"]
[EventDate "1996.??.??"]

{4/(26)} 1. d4 d5 2. c4 e6 3. Nc3 Nf6 4. Bg5 Nbd7 5. e3 c6 6. Nf3 Qa5 7. Nd2
Bb4 8. Qc2 O-O 9. Bf4 c5 10. Bd3 cxd4 11. exd4 dxc4 12. Nxc4 Qd5 13. O-O-O Bxc3
14. bxc3 b6 15. g4 Ba6 16. Qb3 Rfc8 17. Ne3 Qxb3 18. axb3 Rxc3+ 19. Bc2 Ne4 20.
Rhe1 Nxf2 21. Rd2 Nd3+ 22. Rxd3 Bxd3 23. Kd2 Rxc2+ 24. Nxc2 Bxc2 25. Kxc2 Rc8+
26. Kd3 Nf6 27. g5 Nd5 28. Bd2 g6 29. b4 b5 30. Ra1 Rc4 31. Rxa7 Nxb4+ 32. Bxb4
Rxb4 33. Ra8+ Kg7 34. Rb8 Rb3+ 35. Kc2 Rh3 36. Rxb5 Rxh2+ 37. Kd3 Rf2 38. d5
Rf5 0-1

[Event "Lansing (MOR/5/18)"]
[Site "?"]
[Date "1996.??.??"]
[Round "?"]
[White "Dolin, Jack"]
[Black "Nikitin, Mike"]
[Result "1-0"]
[WhiteElo "1605"]
[BlackElo "1605"]
[PlyCount "109"]
[EventDate "1996.??.??"]

{5/(18)} 1. d4 Nf6 2. Bg5 g6 3. Bxf6 exf6 4. e4 d5 5. Bd3 Bg7 6. Nf3 O-O 7. O-O
Re8 8. Re1 c6 9. Qd2 Bg4 10. Qf4 Bxf3 11. Qxf3 Qb6 12. Qe3 Qxb2 13. Nd2 Qa3 14.
Qf4 Qe7 15. Nf3 dxe4 16. Rxe4 Qd8 17. Rxe8+ Qxe8 18. Re1 Qd8 19. Qe4 Kf8 20.
Qh4 h5 21. Ne5 Qa5 22. Nf3 Nd7 23. Qe4 Qd8 24. Qf4 Nb6 25. c4 Qd7 26. Re4 Re8
27. Rxe8+ Qxe8 28. Qc7 Qc8 29. Qd6+ Kg8 30. d5 cxd5 31. cxd5 Kh7 32. h3 Qd7 33.
Qxd7 Nxd7 34. Bc2 b5 35. Nd4 a6 36. Nc6 Bf8 37. Kf1 Bd6 38. Ke2 Kg8 39. Kd3 Kf8
40. Kc3 Nc5 41. Kd4 Ke8 42. Bd1 Nd7 43. f3 Be5+ 44. Nxe5 fxe5+ 45. Ke4 f5+ 46.
Ke3 Ke7 47. g4 hxg4 48. hxg4 fxg4 49. fxg4 Nc5 50. g5 Kd6 51. Bc2 e4 52. Bxe4
Nxe4 53. Kxe4 b4 54. Kd4 a5 55. Kc4 1-0

[Event "Ann Arbor (Month Long Swiss/2/1)"]
[Site "?"]
[Date "1996.??.??"]
[Round "?"]
[White "Dolin, Jack"]
[Black "Meza, L."]
[Result "0-1"]
[WhiteElo "1605"]
[BlackElo "1810"]
[PlyCount "60"]
[EventDate "1996.??.??"]

{2/(1)} 1. d4 d5 2. c4 Nf6 3. Bg5 e6 4. Nc3 Be7 5. e3 O-O 6. f4 c6 7. Nf3 Nbd7
8. Bd3 h6 9. Bh4 dxc4 10. Bxc4 Nb6 11. Bd3 Nbd5 12. O-O Nxe3 13. Qe2 Nxf1 14.
Rxf1 Nd5 15. Bxe7 Nxe7 16. Ne5 Qxd4+ 17. Rf2 Ng6 18. Nxg6 fxg6 19. Qc2 Rxf4 20.
Bxg6 Bd7 21. Ne4 Raf8 22. Bh7+ Kh8 23. g3 Rf3 24. Bg6 c5 25. Bh5 R3f5 26. Bg4
Bc6 27. Bxf5 Rxf5 28. Nc3 g5 29. Qe2 g4 30. Nd1 Bf3 0-1

[Event "Ann Arbor (Ann Arbor Open, U1700/2)"]
[Site "?"]
[Date "1996.??.??"]
[Round "?"]
[White "Dolin, Jack"]
[Black "Meza, Alex"]
[Result "0-1"]
[WhiteElo "1605"]
[BlackElo "1605"]
[PlyCount "56"]
[EventDate "1996.??.??"]

{1700/(2)} 1. d4 d5 2. Nf3 Nf6 3. c4 e6 4. Nc3 Be7 5. Bf4 O-O 6. e3 Nc6 7. c5
b6 8. Nb5 bxc5 9. Nxc7 Rb8 10. Nxe6 Qa5+ 11. Qd2 Bxe6 12. Bxb8 Qxd2+ 13. Kxd2
Rxb8 14. b3 Ne4+ 15. Ke1 Nb4 16. Ke2 Nc3+ 17. Kd2 Ne4+ 18. Ke2 Bc8 19. dxc5
Ba6+ 20. Kd1 Nxf2+ 21. Kd2 Nxh1 22. Bxa6 Nxa6 23. Rxh1 Nxc5 24. Nd4 Ne4+ 25.
Ke2 Rc8 26. Rf1 Bf6 27. Nf5 Rc2+ 28. Kf3 Nd2+ 0-1

[Event "Detroit (Class DE/1/11)"]
[Site "?"]
[Date "1996.??.??"]
[Round "?"]
[White "Dolin, Jack"]
[Black "Jenkins, C."]
[Result "1-0"]
[WhiteElo "1605"]
[BlackElo "1605"]
[PlyCount "81"]
[EventDate "1996.??.??"]

{1/(11)} 1. d4 d5 2. c4 e6 3. Nc3 Nf6 4. Bf4 Bb4 5. Qc2 Ne4 6. a3 Bxc3+ 7. bxc3
O-O 8. e3 dxc4 9. Nf3 Nd6 10. Ne5 Nc6 11. Nxc4 Nxc4 12. Bxc4 Qe7 13. O-O e5 14.
dxe5 Nxe5 15. Ba2 Ng6 16. Bg3 c6 17. Rfd1 Be6 18. Bd6 Qg5 19. Bxf8 Rxf8 20.
Bxe6 fxe6 21. Qe4 Qf6 22. f4 Qxc3 23. Qxe6+ Kh8 24. f5 Ne5 25. Re1 Nd3 26. Qe7
Kg8 27. Rf1 Nc5 28. Rac1 Qxa3 29. Qxc5 Qxc5 30. Rxc5 a6 31. Rb1 Rb8 32. Rxc6
bxc6 33. Rxb8+ Kf7 34. Rb6 Kf6 35. Rxc6+ Kxf5 36. Rxa6 Ke4 37. Kf2 h5 38. Rg6
Kf5 39. Rxg7 Kf6 40. Rg3 h4 41. Rg4 1-0

[Event "Lansing (MOR/4/29)"]
[Site "?"]
[Date "1996.??.??"]
[Round "?"]
[White "Dolin, Jack"]
[Black "Jaynes, K."]
[Result "1-0"]
[WhiteElo "1605"]
[BlackElo "1605"]
[PlyCount "117"]
[EventDate "1996.??.??"]

{4/(29)} 1. d4 Nf6 2. Bg5 d5 3. Bxf6 exf6 4. c4 Bf5 5. e3 Bxb1 6. Qa4+ Qd7 7.
Qxd7+ Nxd7 8. Rxb1 Bb4+ 9. Kd1 dxc4 10. Bxc4 O-O 11. Nh3 Nb6 12. Be2 Rfd8 13.
Nf4 Nd5 14. Nd3 Be7 15. Bf3 Rac8 16. Ke2 b6 17. Rbc1 c5 18. Bxd5 Rxd5 19. Nf4
Rd7 20. dxc5 Rxc5 21. Rxc5 Bxc5 22. Nd3 Bd6 23. Rc1 Rc7 24. Rxc7 Bxc7 25. Nf4
Bxf4 26. exf4 Kf8 27. Kd3 Ke7 28. Kc4 a6 29. Kd5 Kd7 30. f5 h6 31. g4 g5 32. f3
Kc7 33. b4 Kd7 34. a4 Kc7 35. a5 bxa5 36. bxa5 Kd7 37. Kc5 Kc7 38. h3 Kd7 39.
Kb6 Kd6 40. Kb7 Ke5 41. Kxa6 Kf4 42. Kb7 Kxf3 43. a6 Kg3 44. a7 Kxh3 45. a8=Q
Kxg4 46. Qa5 Kh5 47. Qd2 g4 48. Kc7 g3 49. Qg2 Kg4 50. Kd7 h5 51. Ke7 h4 52.
Kxf7 Kxf5 53. Qf3+ Kg5 54. Ke6 Kg6 55. Qg4+ Kh6 56. Qxh4+ Kg6 57. Qxg3+ Kh6 58.
Kxf6 Kh5 59. Qg5# 1-0

[Event "Ann Arbor (Mini-Swiss/2/14)"]
[Site "?"]
[Date "1996.??.??"]
[Round "?"]
[White "Dolin, Jack"]
[Black "Hogue, W."]
[Result "0-1"]
[WhiteElo "1605"]
[BlackElo "1605"]
[PlyCount "78"]
[EventDate "1996.??.??"]

{2/(14)} 1. d4 d5 2. c4 c6 3. Nc3 Nf6 4. Bg5 e6 5. e3 Nbd7 6. f4 Bb4 7. a3
Bxc3+ 8. bxc3 Qa5 9. Qb3 Ne4 10. Ne2 dxc4 11. Qxc4 Nxg5 12. fxg5 Qxg5 13. Nf4
Nb6 14. Qe2 O-O 15. h4 Qa5 16. Qc2 Nd5 17. Nxd5 exd5 18. Bd3 h6 19. O-O Qc7 20.
Bf5 Qg3 21. Rf3 Bxf5 22. Qxf5 Qxh4 23. Raf1 Qe7 24. g4 Rae8 25. Rg3 Qg5 26. Qd3
Re4 27. Rf5 Qh4 28. Kg2 Rxg4 29. Rff3 Rxg3+ 30. Rxg3 Qe4+ 31. Qxe4 dxe4 32. Rg4
f5 33. Rf4 g5 34. Rf2 Kg7 35. c4 Kf6 36. d5 cxd5 37. cxd5 Rd8 38. Rd2 Ke5 39.
Rb2 b6 0-1

[Event "Lansing (MOR/2/16)"]
[Site "?"]
[Date "1996.??.??"]
[Round "?"]
[White "Dolin, Jack"]
[Black "Hill, Brad"]
[Result "0-1"]
[WhiteElo "1605"]
[BlackElo "1640"]
[PlyCount "80"]
[EventDate "1996.??.??"]

{2/(16)} 1. d4 Nf6 2. Bg5 c5 3. d5 Ne4 4. Nf3 Qb6 5. Nbd2 Nxg5 6. Nxg5 Qxb2 7.
e4 h6 8. Ngf3 d6 9. Be2 g6 10. O-O Bg7 11. Nc4 Qxa1 12. Qxa1 Bxa1 13. Rxa1 O-O
14. e5 dxe5 15. Nfxe5 Nd7 16. Nd3 b5 17. Ne3 c4 18. Nf4 Ne5 19. a4 g5 20. Nh5
Bd7 21. axb5 Bxb5 22. Nf5 Rfe8 23. Ra5 Bd7 24. Nd4 Reb8 25. f4 Rb1+ 26. Kf2
Ng4+ 27. Kg3 gxf4+ 28. Nxf4 Ne5 29. Rc5 Kh7 30. Bxc4 Rg8+ 31. Kf2 Rg4 32. Bd3+
Kg8 33. g3 Nxd3+ 34. Nxd3 Rxd4 35. Rc7 Rxd5 36. Rxa7 Bf5 37. Nf4 Rd2+ 38. Ne2
Bxc2 39. Rxe7 Bd3 40. Re8+ Kg7 0-1

[Event "Detroit (Class DE/3/11)"]
[Site "?"]
[Date "1996.??.??"]
[Round "?"]
[White "Dolin, Jack"]
[Black "Hartley, A."]
[Result "1-0"]
[WhiteElo "1605"]
[BlackElo "1605"]
[PlyCount "101"]
[EventDate "1996.??.??"]

{3/(11)} 1. d4 d5 2. c4 e6 3. Nc3 c6 4. Bf4 Bd6 5. Bg3 Nf6 6. Nf3 Bxg3 7. hxg3
Qc7 8. cxd5 exd5 9. Rc1 Qe7 10. e3 Bf5 11. Bd3 Bxd3 12. Qxd3 Nbd7 13. Ng5 h6
14. Qf5 O-O-O 15. Nf3 Rhe8 16. O-O Ne4 17. Nxd5 Qe6 18. Qxe6 Rxe6 19. Rc2 Kb8
20. Nf4 Rd6 21. Nd2 Ndf6 22. Nxe4 Nxe4 23. Nh5 g6 24. Nf4 R6d7 25. Ne2 c5 26.
Nc3 Nxc3 27. bxc3 Rc8 28. Rb1 cxd4 29. exd4 Rxd4 30. Rxb7+ Kxb7 31. Rb2+ Kc6
32. cxd4 Rc7 33. Rc2+ Kd6 34. Rxc7 Kxc7 35. Kf1 Kd6 36. Ke2 Kd5 37. Ke3 f5 38.
f4 Kc4 39. a3 h5 40. a4 a5 41. g4 hxg4 42. g3 Kb4 43. Kd3 Kxa4 44. Kc4 Ka3 45.
d5 a4 46. d6 Kb2 47. d7 a3 48. d8=Q a2 49. Qb6+ Kc1 50. Qg1+ Kc2 51. Qa1 1-0

[Event "Detroit (MI Team/4/3/2)"]
[Site "?"]
[Date "1996.??.??"]
[Round "?"]
[White "Dolin, Jack"]
[Black "Goerke, Jesse"]
[Result "1-0"]
[WhiteElo "1605"]
[BlackElo "1605"]
[PlyCount "43"]
[EventDate "1996.??.??"]

{4/3} 1. e4 e5 2. f4 exf4 3. Nf3 Nf6 4. Nc3 Bb4 5. Bc4 Bxc3 6. bxc3 Nxe4 7. Qe2
O-O 8. Qxe4 Re8 9. Ne5 d6 10. Bxf7+ Kf8 11. Bxe8 Qxe8 12. Qxf4+ Kg8 13. d4 Nc6
14. O-O dxe5 15. dxe5 Nxe5 16. Ba3 Ng6 17. Qc4+ Kh8 18. Rae1 Qd8 19. Qxc7 Qd7
20. Rf7 Qxc7 21. Re8+ Nf8 22. Rfxf8# 1-0

[Event "Ann Arbor (Mini-Swiss/2)"]
[Site "?"]
[Date "1996.??.??"]
[Round "?"]
[White "Dolin, Jack"]
[Black "Gaiefsky, Joey"]
[Result "1-0"]
[WhiteElo "1605"]
[BlackElo "1605"]
[PlyCount "143"]
[EventDate "1996.??.??"]

1. d4 d5 2. c4 Nf6 3. Nc3 e6 4. Bf4 c6 5. e3 Nbd7 6. Nf3 Be7 7. cxd5 cxd5 8.
Bd3 Nh5 9. O-O Nxf4 10. exf4 O-O 11. Qc2 g6 12. Ne5 Bf6 13. Rfe1 Bg7 14. Rac1
Bh6 15. Ne2 Nxe5 16. dxe5 Bd7 17. Qd2 Qb8 18. Nd4 Rc8 19. Nb5 Rxc1 20. Rxc1
Qxe5 21. g3 a6 22. Qa5 Qxb2 23. Rb1 Qf6 24. Nd6 Bf8 25. Nxb7 Qd4 26. Bxa6 Qa7
27. Qc7 Bc8 28. Rb3 Rb8 29. a4 Be7 30. a5 Bxb7 31. Rxb7 Rxb7 32. Qxb7 Qxb7 33.
Bxb7 Bc5 34. Kf1 Kf8 35. Ke2 Ke7 36. f3 Kd7 37. Ba6 Kc7 38. Bd3 Kb7 39. h3 Kc7
40. g4 Kd7 41. f5 Ke7 42. h4 Kf6 43. f4 h5 44. g5+ Kg7 45. f6+ Kf8 46. Bb5 Kg8
47. a6 Kf8 48. Bc6 Ba7 49. Kd3 d4 50. Kc4 Kg8 51. Ba4 Kf8 52. Kb5 d3 53. Kc6 d2
54. Kb7 Bd4 55. a7 Bxa7 56. Kxa7 d1=Q 57. Bxd1 Ke8 58. Kb7 Kd7 59. Kb6 Kd6 60.
Bb3 Kd7 61. Kc5 Kd8 62. Kd6 Ke8 63. Kc7 Kf8 64. Ba4 Kg8 65. Kd8 Kf8 66. Be8 Kg8
67. Ke7 e5 68. fxe5 Kh8 69. Kxf7 Kh7 70. Ke7 Kh8 71. Bxg6 Kg8 72. f7+ 1-0

[Event "Detroit (MI Team/4/1/4)"]
[Site "?"]
[Date "1996.??.??"]
[Round "?"]
[White "Djordjevic, B."]
[Black "Sobocinski, Mike"]
[Result "1/2-1/2"]
[WhiteElo "2140"]
[BlackElo "1995"]
[PlyCount "40"]
[EventDate "1996.??.??"]

{4/1} 1. Nf3 d5 2. b4 Nf6 3. Bb2 Nbd7 4. e3 e5 5. Nxe5 Bxb4 6. Nxd7 Bxd7 7. Be2
O-O 8. O-O Qe7 9. d3 Rad8 10. a3 Ba5 11. Nd2 c6 12. c4 dxc4 13. Nxc4 Bc7 14.
Qc2 b5 15. Nd2 Qd6 16. Nf3 Rfe8 17. Bd4 Ng4 18. g3 Qh6 19. h4 a6 20. Qc5 Bd6
1/2-1/2

[Event "Detroit (MI Women/1/3)"]
[Site "?"]
[Date "1996.??.??"]
[Round "?"]
[White "Dezerne, T."]
[Black "Stinson, Darlene"]
[Result "0-1"]
[WhiteElo "1605"]
[BlackElo "1605"]
[PlyCount "50"]
[EventDate "1996.??.??"]

{1/(3)} 1. d4 d5 2. Nc3 Nc6 3. Bf4 f6 4. e4 e5 5. Bg3 Nxd4 6. Nxd5 Be6 7. Bc4
c6 8. c3 cxd5 9. exd5 Bxd5 10. Bxd5 Qxd5 11. Nf3 Nxf3+ 12. Qxf3 Qxf3 13. gxf3
O-O-O 14. f4 Bd6 15. O-O-O exf4 16. Bh4 g5 17. Bxg5 fxg5 18. Rd3 Nf6 19. f3
Rhe8 20. Kc2 Re3 21. Rhd1 Rxd3 22. Rxd3 Bc5 23. b4 Rxd3 24. Kxd3 Be3 25. Kc4 g4
0-1

[Event "Detroit (Beg/4/9)"]
[Site "?"]
[Date "1996.??.??"]
[Round "?"]
[White "Dezerne, T."]
[Black "Rodriguez, B."]
[Result "0-1"]
[WhiteElo "1605"]
[BlackElo "1605"]
[PlyCount "96"]
[EventDate "1996.??.??"]

{4/(9)} 1. d4 d5 2. Nc3 Nf6 3. Bf4 Nc6 4. e3 Bf5 5. g4 Bxg4 6. f3 Bf5 7. Be5
Nxe5 8. dxe5 Nd7 9. Bb5 a6 10. Bxd7+ Qxd7 11. Qxd5 Qxd5 12. Nxd5 O-O-O 13.
O-O-O e6 14. e4 exd5 15. exf5 f6 16. Rxd5 Rxd5 17. f4 fxe5 18. fxe5 Bc5 19. c4
Rxe5 20. Nf3 Rxf5 21. b4 Bxb4 22. Kd1 Rxf3 23. Ke2 Rc3 24. h4 Re8+ 25. Kd2 Ree3
26. Rf1 h5 27. Rf7 Rxc4+ 28. Kxe3 Rxh4 29. Rxg7 Rh1 30. Rg8+ Kd7 31. Ke4 Bd6
32. Rg7+ Kc6 33. Kd4 h4 34. Rg5 h3 35. Ke4 h2 36. Rh5 Re1+ 37. Kf5 Re5+ 38. Kg6
Rxh5 39. Kxh5 h1=Q+ 40. Kg6 Qe4+ 41. Kf7 Qe5 42. Kg6 Kd7 43. Kh6 Qf5 44. Kg7
Ke7 45. Kh6 Bf4+ 46. Kg7 Qg5+ 47. Kh7 Kf6 48. Kh8 Qg7# 0-1

[Event "Flint (MI Ch Spon/3)"]
[Site "?"]
[Date "1996.??.??"]
[Round "?"]
[White "Dezerne, T."]
[Black "Menczer, David"]
[Result "0-1"]
[WhiteElo "1605"]
[BlackElo "1605"]
[PlyCount "38"]
[EventDate "1996.??.??"]

1. e4 e5 2. Nf3 Nf6 3. d3 Bc5 4. Be2 d5 5. d4 dxe4 6. dxe5 Qxd1+ 7. Bxd1 exf3
8. exf6 fxg2 9. Rg1 O-O 10. Rxg2 Re8+ 11. Be3 g6 12. Be2 Bxe3 13. fxe3 Rxe3 14.
Kd2 Re6 15. Rf2 Rd6+ 16. Ke1 Bf5 17. Bd1 Nd7 18. Rd2 Re8+ 19. Be2 Rxf6 0-1

[Event "Detroit (MI Women/4/7)"]
[Site "?"]
[Date "1996.??.??"]
[Round "?"]
[White "Dezerne, T."]
[Black "Gorman, A."]
[Result "0-1"]
[WhiteElo "1605"]
[BlackElo "1605"]
[PlyCount "28"]
[EventDate "1996.??.??"]

{4/(7)} 1. d4 e6 2. e4 d5 3. e5 Bb4+ 4. Bd2 Bxd2+ 5. Nxd2 Ne7 6. Ngf3 O-O 7.
Bd3 Bd7 8. O-O Nf5 9. Qe2 Nh4 10. g3 Nxf3+ 11. Qxf3 Nc6 12. Qh5 g6 13. Qg4 f5
14. Qh3 Nxd4 {[Remainder illegible; 0-1, 28?]} 0-1

[Event "Flint (MI Ch Spon/4)"]
[Site "?"]
[Date "1996.??.??"]
[Round "?"]
[White "Dezerne, T."]
[Black "Caminata, A."]
[Result "0-1"]
[WhiteElo "1605"]
[BlackElo "1605"]
[PlyCount "62"]
[EventDate "1996.??.??"]

1. d4 d5 2. Nc3 c6 3. Bf4 Nd7 4. Nf3 Ngf6 5. e3 e6 6. Bd3 h5 7. Qe2 a5 8. Ne5
Qb6 9. Na4 Qb4+ 10. Qd2 Qxa4 11. O-O Nxe5 12. b3 Qa3 13. Qc1 Qe7 14. Bxe5 Ng4
15. a4 h4 16. e4 dxe4 17. Bxe4 h3 18. Qf4 Nxe5 19. Qxe5 hxg2 20. Kxg2 Qh4 21.
Qg3 Qxe4+ 22. f3 Qxd4 23. Rad1 Qf6 24. Qc7 Qg5+ 25. Kh1 Be7 26. Rd3 Qc5 27.
Rfd1 O-O 28. Qg3 Qxc2 29. f4 Qe2 30. Qf3 Qb2 31. Qf2 Qxf2 0-1

[Event "Flint (MI Ch Spon/1)"]
[Site "?"]
[Date "1996.??.??"]
[Round "?"]
[White "Dezerne, T."]
[Black "Burnham, S."]
[Result "0-1"]
[WhiteElo "1605"]
[BlackElo "1605"]
[PlyCount "50"]
[EventDate "1996.??.??"]

1. d4 d5 2. c3 Nc6 3. Nf3 Nf6 4. Bf4 Bf5 5. e3 a6 6. Nbd2 e6 7. Rc1 b5 8. Bg5
Bd6 9. Be2 O-O 10. O-O h6 11. Bf4 Bxf4 12. exf4 Ne4 13. Nxe4 dxe4 14. Ne5 Nxe5
15. dxe5 Qh4 16. g3 Qh3 17. Qd7 Rac8 18. Rfd1 Rfd8 19. Bf1 Rxd7 20. Bxh3 Rxd1+
21. Rxd1 Bxh3 22. b3 Kf8 23. a4 bxa4 24. bxa4 Rb8 25. Rd4 Rb1+ 0-1

[Event "Eastpointe (EDO/2/6)"]
[Site "?"]
[Date "1996.??.??"]
[Round "?"]
[White "DeKerpel, S."]
[Black "Marson, Michael"]
[Result "1-0"]
[WhiteElo "2025"]
[BlackElo "1730"]
[PlyCount "87"]
[EventDate "1996.??.??"]

{2/(6)} 1. e4 e6 2. d3 d5 3. Nd2 c5 4. Ngf3 Nc6 5. g3 Nf6 6. Bg2 dxe4 7. dxe4
e5 8. O-O Bg4 9. c3 Qc7 10. Qc2 Bd6 11. Re1 b5 12. Nf1 h6 13. Ne3 Be6 14. a4 b4
15. c4 Nd4 16. Nxd4 cxd4 17. Nd5 Bxd5 18. exd5 O-O 19. b3 a5 20. Qf5 Qd7 21.
Qd3 Rfe8 22. Bd2 Re7 23. Rac1 Bc5 24. d6 Ree8 25. Bxa8 Rxa8 26. Rxe5 Qxd6 27.
Bf4 Qc6 28. Qf5 Bd6 29. Ree1 Bxf4 30. Qxf4 d3 31. Qd4 Qf3 32. Re3 Qh5 33. f3 d2
34. Qxd2 g5 35. Rce1 g4 36. Qd4 Qg6 37. f4 h5 38. Re5 Kh7 39. Rg5 Qh6 40. Re7
Rf8 41. Qc5 h4 42. gxh4 Qxh4 43. Qf5+ Kh8 44. Qxf6+ 1-0

[Event "Eastpointe (EDO/4/4)"]
[Site "?"]
[Date "1996.??.??"]
[Round "?"]
[White "DeKerpel, S."]
[Black "Grossman, Jay"]
[Result "1/2-1/2"]
[WhiteElo "2025"]
[BlackElo "1905"]
[PlyCount "113"]
[EventDate "1996.??.??"]

{4/(4)} 1. e4 c5 2. Nc3 Nc6 3. g3 Nf6 4. Bg2 d6 5. d3 g6 6. Nge2 Bg7 7. O-O O-O
8. h3 Bd7 9. Be3 Rb8 10. f4 e5 11. Qd2 b5 12. fxe5 Nxe5 13. Bg5 Be6 14. Rf2
Ned7 15. Raf1 h6 16. Bxh6 Qa5 17. Bxg7 Kxg7 18. d4 Rh8 19. g4 cxd4 20. Qxd4 Qb6
21. Qxb6 Rxb6 22. Nd4 Bc4 23. Re1 Rc8 24. b3 Bxb3 25. axb3 Rxc3 26. Ref1 g5 27.
Nf5+ Kg6 28. Rd1 Nc5 29. Nxd6 Re3 30. Nf5 Rc3 31. Ne7+ Kg7 32. Nf5+ Kg6 33. Rd6
Rxd6 34. Nxd6 Re3 35. Nxb5 a6 36. Nd6 Ncxe4 37. Nxe4 Nxe4 38. Bxe4+ Rxe4 39.
Kg2 Re3 40. b4 Rc3 41. Rd2 f6 42. Kf2 Rc4 43. Rd6 Rxc2+ 44. Ke3 Rb2 45. Rb6 Kf7
46. Ke4 Re2+ 47. Kd5 Rd2+ 48. Kc6 Rc2+ 49. Kd5 Ra2 50. Rb7+ Kg6 51. Kc5 Ra1 52.
Ra7 Kh6 53. Kc4 Kg6 54. Kb3 Re1 55. Rc7 Rb1+ 56. Ka3 Ra1+ 57. Kb2 1/2-1/2

[Event "Eastpointe (EDO/5/3)"]
[Site "?"]
[Date "1996.??.??"]
[Round "?"]
[White "DeKerpel, S."]
[Black "Friedman, J."]
[Result "1-0"]
[WhiteElo "2025"]
[BlackElo "1760"]
[PlyCount "57"]
[EventDate "1996.??.??"]

{5/(3)} 1. e4 e5 2. Nf3 d6 3. d4 Bg4 4. dxe5 Bxf3 5. Qxf3 dxe5 6. Bc4 Nf6 7.
Qb3 Qc8 8. Bxf7+ Ke7 9. Bc4 Nc6 10. c3 Nxe4 11. O-O Nd6 12. Bd5 Rb8 13. Re1 Ke8
14. f4 Be7 15. fxe5 Nxe5 16. Rxe5 h6 17. Qd1 Rf8 18. Be3 b6 19. Qe2 Qd7 20. Be6
Qc6 21. Bd5 Qd7 22. Nd2 Rf6 23. Rf1 Kd8 24. Ne4 Nxe4 25. Bxe4 Rxf1+ 26. Qxf1
Bd6 27. Rf5 Qe6 28. Qf3 Ke7 29. Bd5 1-0

[Event "Eastpointe (EDO/1/18)"]
[Site "?"]
[Date "1996.??.??"]
[Round "?"]
[White "DeBlasio, N."]
[Black "Walquist, Elaine"]
[Result "0-1"]
[WhiteElo "1605"]
[BlackElo "1750"]
[PlyCount "78"]
[EventDate "1996.??.??"]

{1/(18)} 1. Nf3 Nf6 2. Nc3 g6 3. e3 Bg7 4. Bc4 O-O 5. d4 d6 6. h3 Nbd7 7. O-O
e5 8. Ng5 d5 9. dxe5 Nxe5 10. Bb3 c6 11. Re1 h6 12. Nf3 Nh7 13. e4 Nxf3+ 14.
Qxf3 d4 15. Ne2 Ng5 16. Qg3 Ne6 17. Nf4 Qa5 18. Nd3 Nc5 19. Bd2 Qxd2 20. Nxc5
Qa5 21. Nd3 Kh7 22. a3 Bd7 23. f4 Rae8 24. Kh1 Qc7 25. Qf3 c5 26. Bd5 Bc6 27.
e5 Bxd5 28. Qxd5 b6 29. Re2 Re6 30. Rae1 Rd8 31. Qf3 Ree8 32. f5 Kg8 33. fxg6
fxg6 34. e6 Rf8 35. Qe4 Rf6 36. Nf4 Qxf4 37. Qxf4 Rxf4 38. b3 Re8 39. a4 Rf6
$138 0-1

[Event "Lansing (MOR/3/29)"]
[Site "?"]
[Date "1996.??.??"]
[Round "?"]
[White "DeBlasio, N."]
[Black "Vorhauer, Sam"]
[Result "0-1"]
[WhiteElo "1605"]
[BlackElo "1605"]
[PlyCount "66"]
[EventDate "1996.??.??"]

{3/(29)} 1. Nf3 Nf6 2. d4 d5 3. g3 e6 4. Bg2 Bd6 5. Nbd2 Nbd7 6. O-O c6 7. c4
b6 8. Rb1 Qc7 9. Qa4 O-O 10. b4 c5 11. dxc5 bxc5 12. b5 Nb6 13. Qb3 Bb7 14. Bb2
d4 15. Ne1 Bxg2 16. Kxg2 Qb7+ 17. Kg1 Ne4 18. Nxe4 Qxe4 19. Qd3 f5 20. f3 Qe3+
21. Rf2 Qh6 22. f4 Rad8 23. Qb3 e5 24. fxe5 Bxe5 25. Bc1 Qg6 26. Nd3 Bd6 27.
Bb2 Qf7 28. Rc1 Rfe8 29. Kf1 Qh5 30. Re1 Bxg3 31. Nf4 Bxf4 32. Rxf4 d3 33. exd3
Qh3+ 0-1

[Event "Eastpointe (EDO/3/14)"]
[Site "?"]
[Date "1996.??.??"]
[Round "?"]
[White "DeBlasio, N."]
[Black "Stemmler, Daniel"]
[Result "0-1"]
[WhiteElo "1605"]
[BlackElo "1700"]
[PlyCount "30"]
[EventDate "1996.??.??"]

{3/(14)} 1. Nf3 c5 2. d4 cxd4 3. Nxd4 d5 4. Nc3 e5 5. Nf3 d4 6. Nb1 Nc6 7. c3
Bf5 8. cxd4 exd4 9. a3 Qc7 10. g3 O-O-O 11. b4 Nf6 12. Bb2 Bxb4+ 13. axb4 Nxb4
14. Na3 Qa5 15. Rc1+ Nc2# 0-1

[Event "Lansing (MOR/5/33)"]
[Site "?"]
[Date "1996.??.??"]
[Round "?"]
[White "DeBlasio, N."]
[Black "Royster, H."]
[Result "0-1"]
[WhiteElo "1605"]
[BlackElo "1605"]
[PlyCount "54"]
[EventDate "1996.??.??"]

{5/(33)} 1. Nf3 d5 2. d4 Nf6 3. Nbd2 Bf5 4. e3 Bg4 5. h3 Bxf3 6. Nxf3 e6 7. Ne5
Bd6 8. Nf3 Qe7 9. Bb5+ c6 10. Ba4 Ne4 11. O-O O-O 12. Nd2 Nd7 13. Nxe4 dxe4 14.
Bd2 Qg5 15. c4 f5 16. Bb3 c5 17. Qe2 Nf6 18. Bc3 Qh6 19. Rac1 Nh5 20. Bd1 Nf6
21. b4 b6 22. Qe1 Ng4 23. Bxg4 fxg4 24. Kh1 Rf3 25. g3 Qxh3+ 26. Kg1 Raf8 27.
Qe2 R8f6 0-1